Inversiones extranjeras sostenibles. (Un anl̀isis alternativo del Derecho internacional de inversiones enfocado sobre Cuba)

Detalles Bibliográficos
Autor principal: Velz̀quez Přez, Rafael Andrš
Formato: Software Libro
Lenguaje:español
Publicado: Barcelona J.M. Bosch Editor 2015
Materias:
Acceso en línea:Acceso restringido

MARC

LEADER 00000nam a22000007a 4500
005 20151013123151.0
007 c||||| ||u|
008 151013s2015 sp ||||| |||| 00| 0 spa d
020 |a 978-84-943023-6-7 
035 |a 12861 
040 |a vLex 
090 |c 5589  |d 5589 
100 1 |a Velz̀quez Přez, Rafael Andrš  
245 1 0 |a Inversiones extranjeras sostenibles. (Un anl̀isis alternativo del Derecho internacional de inversiones enfocado sobre Cuba)  |h [Recurso electrn̤ico] /  |c Rafael Andrš Velz̀quez Přez  
256 |a Servicio en ln̕ea 
260 |a Barcelona  |b J.M. Bosch Editor  |c  2015  
300 |a 1 recurso electrn̤ico 
500 |a En la presente obra se explora el Derecho internacional de inversiones desde la perspectiva del desarrollo sostenible. Ello obliga a partir de una cierta paradoja: de un lado, determinados pas̕es no estǹ en condiciones de alcanzar un desarrollo econm̤ico adecuado sin la presencia de inversiones extranjeras; pero, al mismo tiempo, de otro lado, la presencia de tales inversiones puede resultar contraproducente a medio plazo para la sostenibilidad de dicho desarrollo en tales zonas. En esta encrucijada, los actuales mecanismos previstos por el Derecho internacional de inversiones -particularmente, los denominados APPRIs (Acuerdos de Proteccin̤ y Promocin̤ Recp̕roca de Inversiones)- se enfrentan al reto de conciliar los intereses presentes contrapuestos; esto es, por una parte, los de los Estados tradicionalmente receptores de inversin̤ en la garanta̕ de un desarrollo econm̤ico sostenible, y por otra parte, los de los inversores extranjeros en la rentabilidad de sus inversiones. Habida cuenta de las peculiaridades geogrf̀icas que plantea un estudio como el propuesto, los esfuerzos de la investigacin̤ plasmada en este libro se han focalizado sobre un pas̕ concreto (Cuba), considerando su estrecha relacin̤ con el mercado espaǫl, los recientes cambios socioeconm̤icos acaecidos en el lugar, as ̕como la reciente aprobacin̤ de la nueva Ley de Inversiones Extranjeras de la Isla; tomando para ello adems̀ como hilo conductor en parte del trabajo el anl̀isis, a la luz de la sostenibilidad, del APPRI Hispano-cubano. Pero, por otra parte, ello no excluye que los resultados principales alcanzados puedan ser extrapolados a otras latitudes con carc̀ter general, aunque con las modulaciones oportunas; especialmente, en el caso de las relaciones en este m̀bito con pas̕es en va̕s de desarrollo. 
506 0 4 |a Contenido solo disponible en los productos indicados  |d vLex Global  |d vLex Global (Academic Edition, excluding Law Schools)  |d vLex Global (U.S. Academic Edition, Law Schools)  |d vLex Global (U.S. Academic Edition, excluding Law Schools)  |d vLex Global (Academic Edition, Law Schools) 
650 0 4 |a Economia  |z Espaą 
740 0 |a vLex lubros (servicio en ln̕ea) 
856 4 0 |u http://vlex.com/source/inversiones-extranjeras-sostenibles-un-analisis-alternativo-del-derecho-internacional-de-inversiones-enfocado-sobre-cuba--12861  |z Acceso restringido 
942 |c BOOK 
999 0 |a Economics